000 00288nam a22001337a 4500
008 170621b xxu||||| |||| 00| 0 eng d
020 _abarrcom0108
041 _aeng
080 _a32
100 _a20
101 _aSHP
245 _aCOMPARATIVE POLITICS
_cBOSIA.M.J
942 _2udc
_cBK
999 _c18480
_d18480